Statistics for Countries with no letter A

Click here to take the quiz!

General Stats

  • This quiz has been taken 7,320 times
  • The average score is 24 of 31

Answer Stats

Africa % Correct
Egypt
89%
Sweden
89%
Peru
87%
Chile
87%
Mexico
86%
Greece
85%
Belgium
84%
Morocco
81%
Belize
80%
Luxembourg
80%
Togo
80%
Yemen
80%
Niger
79%
Turkey
78%
United Kingdom
78%
Fiji
78%
Benin
77%
Kosovo
76%
Czech Republic
75%
Djibouti
75%
Republic of the Congo
74%
Lesotho
74%
Cyprus
73%
Burundi
71%
Liechtenstein
70%
Comoros
69%
Brunei
68%
Montenegro
68%
Seychelles
67%
Philippines
63%
Cote d'Ivoire
61%

Score Distribution

Percentile by Number Answered

Percent of People with Each Score

Your Score History

You have not taken this quiz